MARC details
| 000 -LEADER |
| fixed length control field |
02300cam a2200385 4500 |
| 001 - CONTROL NUMBER |
| control field |
on1390875241 |
| 003 - CONTROL NUMBER IDENTIFIER |
| control field |
OCoLC |
| 005 - DATE AND TIME OF LATEST TRANSACTION |
| control field |
20240419114909.0 |
| 008 - FIXED-LENGTH DATA ELEMENTS--GENERAL INFORMATION |
| fixed length control field |
230724s2024 nyu e 000 0 eng d |
| 020 ## - INTERNATIONAL STANDARD BOOK NUMBER |
| International Standard Book Number |
0316567531 |
| Qualifying information |
(hardcover) |
|
| International Standard Book Number |
9780316567534 |
| Qualifying information |
(hardcover) |
| 035 ## - SYSTEM CONTROL NUMBER |
| System control number |
(OCoLC)on1390875241 |
| 040 ## - CATALOGING SOURCE |
| Original cataloging agency |
YDX |
| Language of cataloging |
eng |
| Transcribing agency |
YDX |
| Modifying agency |
BDX |
| -- |
IOU |
| -- |
OCLCO |
| -- |
GCV |
| -- |
MJ8 |
| -- |
OCLCO |
| -- |
Y$5 |
| -- |
OCLCO |
| -- |
TOH |
| -- |
AZH |
| -- |
FLW |
| -- |
LJW |
| -- |
MZC |
| -- |
VRP |
| -- |
IUO |
| -- |
GO3 |
| -- |
MWD |
| -- |
VP@ |
| 050 14 - LIBRARY OF CONGRESS CALL NUMBER |
| Classification number |
Z278 |
| Item number |
.P38 2024 |
| 082 04 - DEWEY DECIMAL CLASSIFICATION NUMBER |
| Classification number |
028.9 |
| 100 1# - MAIN ENTRY--PERSONAL NAME |
| Personal name |
Patterson, James, |
| Dates associated with a name |
1947- |
| Relator term |
author. |
| 245 14 - TITLE STATEMENT |
| Title |
The secret lives of booksellers and librarians : |
| Remainder of title |
true stories of the magic of reading / |
| 250 ## - EDITION STATEMENT |
| Edition statement |
First edition. |
| 264 #1 - PRODUCTION, PUBLICATION, DISTRIBUTION, MANUFACTURE, AND COPYRIGHT NOTICE |
| Place of publication, distribution, etc |
New York : |
| Name of publisher, distributor, etc |
Little, Brown and Company, |
| Date of publication, distribution, etc |
2024. |
| 300 ## - PHYSICAL DESCRIPTION |
| Extent |
viii, 335 pages ; |
| Dimensions |
22 cm |
| 505 00 - FORMATTED CONTENTS NOTE |
| Miscellaneous information |
Part one. |
| Title |
To be a bookseller, you have to play detective -- |
| Miscellaneous information |
Part two. |
| Title |
I could talk about books forever -- |
| Miscellaneous information |
Part three. |
| Title |
I can't imagine what people do without books in their lives -- |
| Miscellaneous information |
Part four. |
| Title |
It doesn't matter what you like to read, as long as you love to read -- |
| Miscellaneous information |
Part five. |
| Title |
Just one more chapter, please, just one more chapter. |
| 520 ## - SUMMARY, ETC. |
| Summary, etc |
To be a bookseller or librarian... You have to play detective. Be a treasure hunter. A matchmaker. An advocate. A visionary. A person who creates "book joy" by pulling a book from a shelf, handing it to someone and saying, "You've got to read this. You're going to love it." Step inside The Secret Lives of Booksellers and Librarians and enter a world where you can feed your curiosities, discover new voices, find whatever you want or require. This place has the magic of rainbows and unicorns, but it's also a business. The book business. Meet the smart and talented people who live between the pages--and who can't wait to help you find your next favorite book. -- |
| 650 #0 - SUBJECT ADDED ENTRY--TOPICAL TERM |
| Topical term or geographic name as entry element |
Librarians. |
|
| Topical term or geographic name as entry element |
Booksellers and bookselling. |
|
| Topical term or geographic name as entry element |
Books. |
| 655 #7 - INDEX TERM--GENRE/FORM |
| Genre/form data or focus term |
Personal narratives. |
| Source of term |
lcgft |
|
| Genre/form data or focus term |
Biographies. |
| Source of term |
lcgft |
|
| Genre/form data or focus term |
Informational works. |
| Source of term |
lcgft |
|
| Genre/form data or focus term |
R�ecits personnels. |
| Source of term |
rvmgf |
| 9 (RLIN) |
139590 |
|
| Genre/form data or focus term |
Biographies. |
| Source of term |
rvmgf |
|
| Genre/form data or focus term |
Documents d'information. |
| Source of term |
rvmgf |
| 9 (RLIN) |
139583 |
| 700 1# - ADDED ENTRY--PERSONAL NAME |
| Personal name |
Eversmann, Matt, |
| Relator term |
author. |
|
| Personal name |
Mooney, Chris, |
| Relator term |
author. |
| 942 ## - ADDED ENTRY ELEMENTS (KOHA) |
| Source of classification or shelving scheme |
Dewey Decimal Classification |
| Koha item type |
NF |